000
00324nam a2200133Ia 4500
008
191201s2017 xx 000 0 und d
082
_a
616.002 HAT
100
_a
Hossain, A.S.T.M
245
0
_a
Text book of Medicine
260
_b
AITBS
_a
New Delhi
_c
2017
300
_a
717
650
_a
Medicinal Chemistry
942
_2
ddc
_c
BK
999
_c
8400
_d
8400